000 00221nam a22000977a 4500
003 OSt
008 210118b ||||| |||| 00| 0 eng d
100 _aBhaskaran, P
_94368
245 _aPunchirikkathavarude lokam
942 _cBK
999 _c16655
_d16655